Quiz di cultura generale sull'Italia - Statistics

Statistiche generali
  • Questo quiz è stato fatto 288 volte
  • Il punteggio medio è 8 su 10
Statistiche sulle risposte
Domande Risposte % Corretto
Quante sono le regioni a statuto speciale? 5
98%
Qual è la regione più estesa? Sicilia
98%
Quante regioni ha l'Italia? 20
96%
Chi fece la spedizione dei mille? Giuseppe Garibaldi
96%
Quante regioni tocca il fiume Po? 7
90%
Quale regione ha più montagne? Valle d'Aosta/Trentino Alto Adige
87%
In che anno l'Italia si unificò dando origine al Regno d'Italia? 1861
82%
In che città è costudita la Sacra Sindone? Torino
82%
Chi fu il primo presidente della Repubblica Italiana? Enrico De Nicola
48%
Chi portò a termine la costruzione del Colosseo? Tito
34%
Nessun quiz corrispondente trovato
Distribuzione punteggi
Percentuale di utenti per punteggio
Percentile per numero di risposta
I tuoi punteggi nel tempo
Non hai fatto questo quiz